00602nam a2200157 a 45000010005000000030009000050080041000140400028000550820018000831000030001012450038001312600029001693000015001985050206002136500025004192119CO-ViMGA141112s2004 ck r 000 u spa d aCO-ViMGAbspacCO-ViMGA04a616.0759 L1711 aLara Galindo, Salvador de10aManual de tecnicas de disección aMexico : bHarla, c1987 a441 p : il aInstrumental para disección 9 - - Disección de la cabeza y el cuello 31 - - Cavidad abdominopelviana 266 - - Regiones posteriores del miembro superior 365 - - Disecciones del miembro inferior 397 14aDISECCION - TECNICAS